000 00471nam a22001697a 4500
003 CEME
005 20210628210004.0
008 210210b xxu||||| |||| 00| 0 eng d
040 _c.
082 _a535 ABI
100 _aAbidi, Saiyed Akram Hussain
_977746
245 _aImage intensifiers and systems for the conquest of darkness
260 _aRAWALPINDI
_bINSTITUTE OF OPTRONICS
_c1987
300 _a196P
650 _aCONQUEST OF DARKNESS
_977747
942 _cBK
_2ddc
999 _c582961
_d582961